MARC

LEADER 00000nam0a2200000 4500
001 366302
005 20231102011853.0
035 |a (RuTPU)RU\TPU\retro\23665 
090 |a 366302 
100 |a 20220204d1979 m y0rusy50 ca 
101 0 |a rus 
102 |a RU 
105 |a a j 001zy 
200 1 |a Конспект лекций по курсу "Математические задачи энергетики"  |e учебное пособие  |f А. И. Русанов  |g Московский энергетический институт 
210 |a Москва  |c [Б. и.]  |d 1979 
215 |a 58 с.  |c ил. 
320 |a Библиогр.: с. 56 
606 1 |a Энергетические системы  |x Математические исследования  |2 stltpush  |3 (RuTPU)RU\TPU\subj\21259  |9 46278 
610 1 |a нелинейное математическое программирование 
610 1 |a геометрическое программирование 
610 1 |a критериальное программирование 
610 1 |a динамическое программирование 
610 1 |a линейное программирование 
610 1 |a лекции 
610 1 |a учебные пособия 
675 |a 621.311:51(075.8)  |v 4 
700 1 |a Русанов  |b А. И.  |g Александр Иванович 
712 0 2 |a Московский энергетический институт  |c (1930-1992)  |2 stltpush  |3 (RuTPU)RU\TPU\col\20092  |9 27693 
801 1 |a RU  |b 63413507  |c 20220204 
942 |c BK